Les villes françaises fortifiées - Statistiques

Statistiques générales
  • Ce quiz a été pris 156 fois
  • Le résultat moyen est 11 sur 24
Statistiques - réponses
Indices Ville % Correct
ancienne cité des papes Avignon
90%
préfecture de l'Aude Carcassonne
82%
située dans les Bouches du Rhône et célèbre pour ses arènes Arles
80%
sous préfecture des Pyrénées Atlantiques connue pour son jambon Bayonne
79%
préfecture du Morbihan Vannes
71%
Chateaubriand repose au Grand Bé Saint Malo
69%
située en Loire-Atlantique et renommée pour son sel Guérande
68%
sous-préfecture des Hautes Alpes Briançon
54%
située en Haute Corse Calvi
52%
sous-préfecture du Calvados réputée pour son andouille Vire
51%
commune située dans le département du Gard,en Camargue Aigues Mortes
47%
sous-préfecture d'Ille-et-Vilaine Fougères
41%
sous-préfecture du Lot et Garonne qui a donné son nom à une tomate Marmande
39%
domine la vallée de la Rance Dinan
37%
située dans la Meuse et réputée pour ses dragées Verdun
35%
premier port thonier d'Europe.... Concarneau
29%
commune de la Manche où est né Christian Dior Granville
28%
commune du Nord dont le club de basket a été fondé en 1984 Gravelines
22%
située en Seine et Marne et dont Alain Peyrefitte a été le maire Provins
22%
située dans la Moselle Thionville
20%
Denis Diderot y est né Langres
15%
ville de Meurthe et Moselle connue pour ses émaux et jadis pour sa sidérurgie Longwy
15%
située dans le Haut-Rhin Neuf Brisach
9%
commune de l'Ain réputée pour sa galette Pérouges
6%
Aucun quiz correspondant
Distribution des résultats
% des personnes avec chaque résultat
Percentile par nombre de réponses
Votre historique - résultats
Vous n’avez pas pris ce quiz